[Event "Pohar mesta Ricany 2010 - cena Klidneho mesta"]
[Site "http://www.openricany.cz"]
[Date "2010.08.23"]
[Round "4.31"]
[White "Cervenka Petr"]
[Black "Martinec Jan"]
[Result "1-0"]
[WhiteElo "1990"]
[BlackElo "1832"]

1. e4 c5 2. Nc3 Nc6 3. g3 g6 4. Bg2 Bg7 5. d3 Rb8 6. f4 d6 7. Nf3 Bg4 8. O-O e6
9. h3 Bxf3 10. Qxf3 Nge7 11. Be3 Nd4 12. Qd1 b5 13. Qd2 O-O 14. Nd1 Qc7 15. c3
Ndc6 16. g4 b4 17. f5 gxf5 18. exf5 exf5 19. gxf5 f6 20. Bh6 Rf7 21. Qf4 Bxh6
22. Qxh6 Kh8 23. Ne3 Ng8 24. Qh4 Ne5 25. d4 Nd7 26. Nd5 Qd8 27. Nf4 Nf8 28. Bd5
Rg7+ 29. Kh1 bxc3 30. bxc3 Rb2 31. Rg1 Rg5 32. Nh5 Ng6 33. fxg6 1-0

[Event "Pohar mesta Ricany 2010 - cena Klidneho mesta"]
[Site "http://www.openricany.cz"]
[Date "2010.08.23"]
[Round "4.24"]
[White "Starek Stanislav"]
[Black "Framberk Jan"]
[Result "1/2-1/2"]
[WhiteElo "1872"]
[BlackElo "2004"]

1. c4 e5 2. Nc3 Nc6 3. g3 f5 4. Bg2 Nf6 5. e4 d6 6. d3 Be7 7. Nge2 O-O 8. O-O
fxe4 9. dxe4 Na5 10. Qd3 c5 11. Nd5 Nc6 12. Rd1 Be6 13. Nec3 Nd4 14. Be3 Nxd5
15. Nxd5 Bg4 16. Bxd4 Bxd1 17. Bxc5 dxc5 18. Rxd1 Kh8 19. f4 Bf6 20. f5 Qd6
21. Qe3 Rac8 22. Qb3 1/2-1/2

[Event "Pohar mesta Ricany 2010 - cena Klidneho mesta"]
[Site "http://www.openricany.cz"]
[Date "2010.08.23"]
[Round "4.44"]
[White "Eisner, Oldrich"]
[Black "Hadrava, Jaroslav"]
[Result "1/2-1/2"]
[WhiteElo "1824"]
[BlackElo "1908"]

1. c4 Nf6 2. Nf3 d5 3. cxd5 Nxd5 4. d4 e6 5. g3 Be7 6. Bg2 O-O 7. O-O Nd7 8. e4
N5f6 9. Nc3 b6 10. e5 Nd5 11. Nxd5 exd5 12. Qb3 Bb7 13. Bf4 Re8 14. Rac1 c6
15. Nd2 Bg5 16. Bxg5 Qxg5 17. f4 Qd8 18. Qf3 1/2-1/2

[Event "Pohar mesta Ricany 2010 - cena Klidneho mesta"]
[Site "http://www.openricany.cz"]
[Date "2010.08.23"]
[Round "4.17"]
[White "Hampel, Rudolf"]
[Black "Boucek, Vlastimil"]
[Result "0-1"]
[WhiteElo "1800"]
[BlackElo "2038"]

1. e4 Nf6 2. e5 Nd5 3. d4 d6 4. c4 Nb6 5. f4 dxe5 6. fxe5 Nc6 7. Nf3 Bg4 8. Be2
e6 9. O-O Qd7 10. Be3 O-O-O 11. Nbd2 f6 12. a3 Qe8 13. b4 Bxf3 14. Nxf3 fxe5
15. d5 exd5 16. Bxb6 dxc4 17. Qc2 cxb6 18. Qxc4 Kb8 19. Rfc1 Be7 20. Rd1 Bf6
21. Rxd8+ Nxd8 22. Rc1 Ne6 23. Qd5 Nf4 24. Qd6+ Ka8 25. Bc4 Qc6 26. Qd2 Rd8
27. Qe1 Qd6 28. Qe4 b5 29. Bf1 a6 30. Rc3 Qb6+ 31. Kh1 Rd1 32. Nd2 Rxd2 33. g3
Qf2 0-1

[Event "Pohar mesta Ricany 2010 - cena Klidneho mesta"]
[Site "http://www.openricany.cz"]
[Date "2010.08.23"]
[Round "4.27"]
[White "Vorisek, Martin"]
[Black "Umanec, Filip"]
[Result "0-1"]
[WhiteElo "1899"]
[BlackElo "2225"]

1. d4 d5 2. c4 e6 3. Nc3 c6 4. e3 f5 5. f4 Nf6 6. Nf3 Bd6 7. Bd3 O-O 8. O-O b6
9. b3 Ne4 10. Qc2 Bb7 11. Ne5 Nd7 12. Nxe4 dxe4 13. Be2 Qe7 14. Bb2 Rad8
15. Rad1 Rf6 16. Rf2 Rff8 17. a4 Nb8 18. g4 Na6 19. g5 Nb4 20. Qc3 c5 21. h4
cxd4 22. exd4 Bxe5 23. dxe5 Rxd1+ 24. Bxd1 Nd3 25. Rf1 Qc5+ 26. Kh2 Rd8 27. Be2
Nxb2 28. Qxb2 0-1

[Event "Pohar mesta Ricany 2010 - cena Klidneho mesta"]
[Site "http://www.openricany.cz"]
[Date "2010.08.23"]
[Round "4.6"]
[White "Wasserbauer, Radek"]
[Black "Haba, Zdenek"]
[Result "0-1"]
[WhiteElo "2066"]
[BlackElo "2252"]

1. e4 g6 2. d4 Bg7 3. Nc3 c6 4. f3 d5 5. Be3 Qa5 6. Qd2 Be6 7. Nge2 dxe4
8. fxe4 Nf6 9. Nf4 Bd7 10. h3 e5 11. Nd3 exd4 12. Bxd4 O-O 13. Nc5 Qc7 14. O-O-O
Bc8 15. e5 Nd5 16. Bc4 Be6 17. Bxd5 cxd5 18. Nb5 Qc6 19. Nxe6 fxe6 20. Nxa7 Qa6
21. Qe3 Qxa2 22. Nb5 Qa1+ 23. Kd2 Qa5+ 24. Nc3 Nc6 25. g4 Qb4 26. Kc1 Ra1+
27. Nb1 Nxd4 28. Rxd4 Bh6 0-1

[Event "Pohar mesta Ricany 2010 - cena Klidneho mesta"]
[Site "http://www.openricany.cz"]
[Date "2010.08.23"]
[Round "4.25"]
[White "Ruzicka Vaclav sen."]
[Black "Prochazka Petr"]
[Result "1/2-1/2"]
[WhiteElo "1682"]
[BlackElo "1987"]

1. c4 Nc6 2. Nc3 e5 3. g3 Nf6 4. Bg2 Bb4 5. a3 Bxc3 6. bxc3 d5 7. cxd5 Nxd5
8. e4 Nb6 9. d3 O-O 10. Ne2 Bg4 11. f3 Be6 12. O-O Qe7 13. Be3 Na5 14. Nc1 Rad8
15. Qc2 c5 16. f4 f6 17. f5 Bf7 18. g4 Rc8 19. Rb1 Nc6 20. a4 Rfd8 21. a5 Nxa5
22. Rb5 Nac4 23. dxc4 Nxc4 24. Qe2 Nxe3 25. Qxe3 Bc4 26. Rb2 Bxf1 27. Bxf1 Rd1
28. Nd3 b6 29. Ra2 Rd8 30. Kg2 Qd7 31. Nf2 Rd2 32. Bc4+ Kf8 33. Ra1 a5 34. Rb1
Rd6 1/2-1/2

[Event "Pohar mesta Ricany 2010 - cena Klidneho mesta"]
[Site "http://www.openricany.cz"]
[Date "2010.08.23"]
[Round "4.9"]
[White "Lacha, Jan"]
[Black "Kohout, Vratislav"]
[Result "0-1"]
[WhiteElo "1968"]
[BlackElo "2199"]

1. e4 e6 2. Qe2 Be7 3. f4 d5 4. d3 dxe4 5. dxe4 b6 6. Qd2 Qxd2+ 7. Bxd2 Bb7
8. Nc3 Nf6 9. Bd3 Nbd7 10. O-O-O O-O-O 11. Nf3 Nc5 12. Ne5 Rhf8 13. Rhe1 Nxd3+
14. cxd3 Nd7 15. d4 Nxe5 16. dxe5 f6 17. exf6 gxf6 18. g4 Bc5 19. Be3 Rxd1+
20. Kxd1 Bb4 21. Bf2 Bd6 22. Be3 Rg8 23. h3 Bc6 24. Ke2 a5 25. Rg1 b5 26. f5 Re8
27. fxe6 Rxe6 28. Kd3 b4 29. Nd5 Bxd5 30. exd5 0-1

[Event "Pohar mesta Ricany 2010 - cena Klidneho mesta"]
[Site "http://www.openricany.cz"]
[Date "2010.08.23"]
[Round "4.10"]
[White "Vanka, Miloslav"]
[Black "Postupa, Martin"]
[Result "1-0"]
[WhiteElo "2189"]
[BlackElo "2018"]

1. d4 d5 2. Nf3 Nf6 3. Bf4 e6 4. e3 Nbd7 5. Nbd2 c5 6. c3 Qb6 7. b3 Bd6 8. Ne5
O-O 9. Bd3 Qc7 10. Nxd7 Bxd7 11. Bxd6 Qxd6 12. Nf3 c4 13. Bc2 cxb3 14. axb3 Rfc8
15. Qd2 Bb5 16. Bd3 Bxd3 17. Qxd3 Ne4 18. c4 Qb4+ 19. Kf1 f5 20. Ra4 Qc3
21. Qxc3 Nxc3 22. Rb4 b6 23. Ne5 b5 24. cxb5 Na2 25. Ra4 Rc1+ 26. Ke2 Nc3+
27. Kd3 Rxh1 28. Kxc3 Rc1+ 29. Kb4 Rcc8 30. Ra6 Rcb8 31. Rxe6 Rb7 32. Ka4 Rd8
33. Nc6 Rdd7 34. Re5 1-0

[Event "Pohar mesta Ricany 2010 - cena Klidneho mesta"]
[Site "http://www.openricany.cz"]
[Date "2010.08.23"]
[Round "4.18"]
[White "Vavrinec, Tomas"]
[Black "Krejci, Martin"]
[Result "1-0"]
[WhiteElo "2030"]
[BlackElo "1804"]

1. c4 d5 2. cxd5 Nf6 3. Nc3 Nxd5 4. g3 c5 5. Bg2 Nb6 6. a4 e6 7. Nf3 Nc6 8. O-O
Be7 9. a5 Nd5 10. Nxd5 exd5 11. d4 c4 12. Bd2 O-O 13. b3 cxb3 14. Qxb3 Rb8
15. Bf4 Bd6 16. Bg5 Be7 17. Bf4 Bd6 18. Bg5 Be7 19. Bxe7 Nxe7 20. Ne5 Be6
21. Rfc1 f6 22. Nd3 Nc6 23. Nf4 Bf7 24. Qa4 Re8 25. e3 Ne7 26. Rc5 Rc8 27. Rac1
Qd6 28. Qb5 Rxc5 29. Rxc5 b6 30. Rc1 Rd8 31. Rb1 Rb8 32. h4 Rb7 33. Qa6 Qc7
34. Qb5 Qd6 35. Bh3 Kf8 36. Rc1 Rc7 37. Ra1 Rb7 38. Qb1 Qc6 39. axb6 Rxb6
40. Qxh7 Bg8 41. Qd3 a6 42. Qa3 Bf7 43. Bf1 1-0

[Event "Pohar mesta Ricany 2010 - cena Klidneho mesta"]
[Site "http://www.openricany.cz"]
[Date "2010.08.23"]
[Round "4.35"]
[White "Sedivy, Ondrej"]
[Black "Pospisil, Martin"]
[Result "0-1"]
[WhiteElo "1717"]
[BlackElo "1931"]

1. c4 e6 2. Nc3 d5 3. e3 Nf6 4. Nf3 b6 5. d4 Bd6 6. Bd3 Bb7 7. O-O O-O 8. a3
Nbd7 9. b4 dxc4 10. Bxc4 e5 11. Nb5 e4 12. Nxd6 cxd6 13. Ng5 d5 14. Be2 Ne8
15. Nh3 Nd6 16. Qb3 b5 17. a4 a6 18. axb5 axb5 19. Ra5 Bc6 20. Nf4 Nb6 21. Bb2
Ndc4 22. Rxa8 Qxa8 23. Ra1 Qb7 24. Bf1 Ra8 25. Ne2 Rxa1 26. Bxa1 Qa7 27. Bc3 h6
28. Nc1 f5 29. Be2 Qf7 30. Bxc4 dxc4 31. Qa3 Nd5 32. Ne2 Qe7 33. Qa5 Kh7 34. h3
f4 35. exf4 e3 36. Be1 exf2+ 37. Kxf2 Qe3+ 38. Kf1 Nxf4 39. Nxf4 Qxf4+ 40. Bf2
Qc1+ 41. Be1 Qb2 42. Bf2 c3 43. Qd8 Qc1+ 44. Be1 Qf4+ 45. Ke2 c2 46. Bd2 Qe4+
47. Kf1 Qxg2+ 48. Ke1 Qg3+ 0-1

[Event "Pohar mesta Ricany 2010 - cena Klidneho mesta"]
[Site "http://www.openricany.cz"]
[Date "2010.08.23"]
[Round "4.45"]
[White "Petrun, Milan"]
[Black "Kubesa, David"]
[Result "1-0"]
[WhiteElo "1968"]
[BlackElo "1534"]

1. e4 e5 2. Nf3 Nf6 3. Nxe5 d6 4. Nf3 Nxe4 5. c4 Nc6 6. d4 d5 7. c5 Be7 8. Be2
O-O 9. O-O Bf6 10. Be3 Bg4 11. Nbd2 h5 12. Rb1 h4 13. b4 Bf5 14. Nxe4 dxe4
15. Ne5 Nxe5 16. dxe5 Bxe5 17. Qc2 c6 18. f3 exf3 19. Qxf5 fxe2 20. Rfe1 Qc7
21. Qh3 Rae8 22. Rxe2 Bd4 23. Bxd4 Rxe2 24. Qg4 Re5 25. Rf1 Qe7 26. Bxe5 Qxe5
27. Qxh4 Re8 28. Qf2 Re7 29. h3 Qc7 30. Rd1 Re4 31. Rd6 Qe7 32. Qd2 Qh4 33. Rd8+
Kh7 34. Rd7 Re1+ 35. Kh2 Qe4 36. Rxf7 Qe5+ 37. Qf4 Qxf4+ 38. Rxf4 Re2 39. Rf7
Rxa2 40. Rxb7 Rb2 41. Rxa7 Rxb4 42. Rc7 Rc4 43. Rxc6 Kg8 44. Kg3 Kf7 45. Kf3 g5
46. Ke3 Rc2 47. g4 Rc3+ 48. Ke4 Rxh3 49. Kf5 Rc3 50. Rc7+ Ke8 51. Kxg5 Kd8
52. Rc6 Kd7 53. Rd6+ Ke7 54. Rd5 Rc4 55. Kf5 Kf7 56. Re5 Rc1 57. g5 Rf1+ 58. Ke4
Rd1 59. c6 Rd2 60. Rc5 Re2+ 61. Kf3 1-0

[Event "Pohar mesta Ricany 2010 - cena Klidneho mesta"]
[Site "http://www.openricany.cz"]
[Date "2010.08.23"]
[Round "4.39"]
[White "Urban, Miroslav"]
[Black "Plasil, Petr"]
[Result "1/2-1/2"]
[WhiteElo "1885"]
[BlackElo "1859"]

1. e4 g6 2. d4 Bg7 3. Nc3 d6 4. f4 e6 5. Nf3 Ne7 6. Bd3 Nd7 7. O-O O-O 8. Be3
d5 9. e5 a6 10. a4 b6 11. Qe1 c5 12. Qf2 cxd4 13. Nxd4 Nc5 14. Be2 Ne4 15. Nxe4
dxe4 16. c4 Rb8 17. b4 Qc7 18. Rac1 Rd8 19. Rc2 Bf8 20. Rfc1 Bd7 21. b5 Nc8
22. Nb3 Ba3 23. Rb1 axb5 24. axb5 Bxb5 25. Nd2 Bc6 26. c5 bxc5 27. Rxb8 Qxb8
28. Bxc5 Bxc5 29. Qxc5 Ba4 30. Qc7 Qxc7 31. Rxc7 Rxd2 32. Rxc8+ Kg7 33. Kf1 Bd1
34. Bxd1 Rxd1+ 35. Ke2 Rg1 36. Kf2 Ra1 37. Rc2 Ra4 38. Ke3 h6 39. Rd2 g5
40. fxg5 hxg5 41. g4 Kg6 42. Rf2 Kg7 43. Rd2 Kg6 44. Rf2 Ra3+ 45. Kxe4 Ra4+
46. Kf3 Rf4+ 47. Ke3 Rxg4 48. Rf6+ Kg7 49. Rf2 Ra4 50. Rg2 Kg6 51. Rf2 Ra3+
52. Ke4 Ra4+ 53. Ke3 Rh4 54. Rf6+ Kg7 55. Rf2 Rh6 56. Ke4 Rh4+ 57. Ke3 Rh7
58. Ke4 Kh6 59. Rf6+ Kh5 60. Kf3 Kh4 61. Kg2 g4 62. Rf1 Rg7 63. Rf6 Rg5 64. Rxf7
Rxe5 65. Rh7+ Rh5 66. Rg7 e5 67. Re7 Rf5 68. Rh7+ Kg5 69. h4+ Kg6 70. Ra7 Rf3
71. Ra5 Kf5 72. Ra8 Ke4 73. Ra4+ Kf5 74. Ra8 Rh3 75. Rh8 Ke4 76. h5 Kf5 77. h6
Kg6 78. Rg8+ Kf5 79. Rh8 Kf6 80. h7 Kg7 81. Rg8+ Kxh7 82. Rxg4 Rh6 83. Kf3
1/2-1/2

[Event "Pohar mesta Ricany 2010 - cena Klidneho mesta"]
[Site "http://www.openricany.cz"]
[Date "2010.08.23"]
[Round "4.37"]
[White "Hatas, Radim"]
[Black "Halla, Jiri"]
[Result "0-1"]
[WhiteElo "1742"]
[BlackElo "1912"]

1. e4 e6 2. d3 d5 3. Nd2 Nf6 4. Ngf3 c5 5. g3 Nc6 6. Bg2 dxe4 7. dxe4 Qc7
8. O-O Be7 9. Re1 e5 10. c3 O-O 11. Qc2 h6 12. Nf1 Be6 13. Ne3 Rfd8 14. Nh4 Bf8
15. Qe2 Ne7 16. h3 c4 17. Nef5 Rd3 18. Nxe7+ Qxe7 19. Be3 Rad8 20. f4 exf4
21. gxf4 Nxe4 22. f5 Ng3 23. Qf2 Nxf5 24. Nxf5 Bxf5 25. Bxh6 Qc5 26. Be3 Qc8
27. Rf1 Rxe3 28. Qxf5 Qxf5 29. Rxf5 b6 30. Bd5 g6 31. Bxf7+ Kg7 32. Rf4 Bc5
33. Kg2 Rd2+ 34. Kf1 Rxh3 35. Ke1 Rxb2 36. Bxc4 Rxc3 37. Rf7+ Kh6 38. Bb3 a5
39. Rd1 Re3+ 40. Kf1 Rg3 41. Ke1 Rg1+ 42. Rf1 Rxf1+ 43. Kxf1 Rh2 44. Rd8 Rf2+
45. Ke1 Rf8 46. Rd3 Rf6 47. Rd8 Kh5 48. Re8 g5 49. Rh8+ Kg4 50. Bd1+ Kf4 51. Rg8
Re6+ 52. Kf1 Bb4 53. Kg2 Re1 54. Bf3 Rc1 55. Bd5 Rc2+ 56. Kh3 Rc3+ 57. Kg2 Bc5
58. Bf7 g4 59. Be6 Rc2+ 60. Kf1 g3 61. Bd5 Bf2 62. Rf8+ Ke5 63. Bb3 Rb2 64. Re8+
Kd4 65. Rd8+ Kc5 66. Rc8+ Kd6 67. Rd8+ Kc7 68. Rd5 Bc5 69. Rg5 Rf2+ 70. Ke1 Bb4+
71. Kd1 g2 72. Rg7+ Kd6 73. Rg6+ Ke5 74. Bc4 Rf1+ 0-1